Statistics for Most Beautiful Countries In The World

Click here to take the quiz!

General Stats

  • This quiz has been taken 88 times
  • The average score is 7 of 15

Answer Stats

Answer% Correct
UNITED STATES OF AMERICA
87%
Canada
84%
Italy
80%
China
73%
India
72%
New Zealand
59%
Argentina
52%
Chile
50%
Switzerland
48%
South Africa
41%
Colombia
32%
Tanzania
20%
Kenya
17%
Uganda
7%
Namibia
6%

Score Distribution

Percentile by Number Answered

Percent of People with Each Score

Your Score History

You have not taken this quiz